[Event "Senioren 2018"]
[Site "Bad Woerishofen"]
[Date "2018.02.24"]
[Round "2"]
[White "Hansch, Klaus Michael"]
[Black "Ganslmayer, Anton"]
[Result "1/2-1/2"]
[WhiteElo "1888"]
[BlackElo "1992"]
[PlyCount "57"]
[EventDate "2018.??.??"]
[WhiteTeam "SC Weisse Dame (Berlin)"]
[BlackTeam "SC Wangen"]

1. e4 e6 2. d4 d5 3. exd5 exd5 4. Bd3 Bd6 5. Nf3 Nc6 6. c3 Nge7 7. Bg5 f6 8.
Bh4 Bf5 9. Bg3 Bxd3 10. Qxd3 O-O 11. Nbd2 Ng6 12. O-O Bxg3 13. hxg3 Qd7 14. Qb5
a6 15. Qd3 Nce7 16. Rfe1 Rfe8 17. Re2 Qb5 18. Qxb5 axb5 19. a3 Nf5 20. Rae1 Kf7
21. Rxe8 Rxe8 22. Rxe8 Kxe8 23. Kf1 Nd6 24. Ke2 Nc4 25. Nxc4 bxc4 26. Ne1 Kd7
27. Nc2 Ne7 28. g4 Nc8 29. Ne3 1/2-1/2

[Event "Senioren 2018"]
[Site "Bad Woerishofen"]
[Date "2018.02.24"]
[Round "2"]
[White "Harke, Horst"]
[Black "Kuenne, Lutz"]
[Result "1/2-1/2"]
[WhiteElo "1789"]
[BlackElo "1597"]
[PlyCount "117"]
[EventDate "2018.??.??"]
[WhiteTeam "SK Varel"]
[BlackTeam "KC Jena"]

1. d4 Nf6 2. c4 d5 3. cxd5 Nxd5 4. e4 Nf6 5. Nc3 c6 6. Bg5 Nbd7 7. Nf3 h6 8.
Bxf6 Nxf6 9. Be2 e6 10. Qc2 Be7 11. O-O O-O 12. Rad1 Qa5 13. a3 b5 14. Nd2 Bb7
15. Nb3 Qb6 16. e5 Nd5 17. Ne4 Rad8 18. Nbc5 Ba8 19. Bf3 Nc7 20. b4 a5 21. Qb2
axb4 22. axb4 Na6 23. Nxa6 Qxa6 24. Ra1 Qb6 25. Rfd1 Bb7 26. Nc5 Bxc5 27. bxc5
Qc7 28. Ra7 Ra8 29. Rxa8 Rxa8 30. Be4 Qa5 31. g4 Qa3 32. Qxa3 Rxa3 33. Rd2 Kf8
34. h4 g6 35. Rd3 Rxd3 36. Bxd3 g5 37. hxg5 hxg5 38. Kg2 Kg7 39. Kg3 Bc8 40. f4
gxf4+ 41. Kxf4 f6 42. exf6+ Kxf6 43. g5+ Ke7 44. Ke5 Bd7 45. Be4 b4 46. g6 b3
47. g7 Kf7 48. Kd6 Be8 49. Bg6+ Kxg7 50. Bxe8 b2 51. Kxe6 b1=Q 52. Bxc6 Qe1+
53. Kd6 Qg3+ 54. Kd5 Qf3+ 55. Kd6 Qf6+ 56. Kd5 Qf3+ 57. Kd6 Qf8+ 58. Kd5 Qf3+
59. Kd6 1/2-1/2

[Event "Senioren 2018"]
[Site "Bad Woerishofen"]
[Date "2018.02.24"]
[Round "2"]
[White "Henrichsen, Erland"]
[Black "Reimann, Guenther"]
[Result "1/2-1/2"]
[WhiteElo "2009"]
[BlackElo "1893"]
[PlyCount "82"]
[EventDate "2018.??.??"]
[BlackTeam "SC Magstadt"]

1. Nf3 e6 2. c4 f5 3. e3 Nf6 4. Nc3 c6 5. b3 d6 6. Bb2 e5 7. d3 Be7 8. Be2 O-O
9. O-O Na6 10. Nd2 Nc7 11. f4 exf4 12. exf4 Ne6 13. Kh1 Nd4 14. Nf3 Nxe2 15.
Qxe2 Ng4 16. h3 Nh6 17. Rae1 Bf6 18. d4 Bd7 19. d5 Qc7 20. Qd2 c5 21. a4 a6 22.
Re3 Rae8 23. Rfe1 Qd8 24. Nd1 Bxb2 25. Qxb2 Nf7 26. Qc3 Rxe3 27. Rxe3 Re8 28.
Kg1 b6 29. g3 Rxe3 30. Nxe3 Qe7 31. Kf2 Qe4 32. Nd2 Qe7 33. Qd3 Qf6 34. Nf3 g6
35. Nd1 Kg7 36. Qc3 Qxc3 37. Nxc3 Kf6 38. h4 h6 39. Ne1 g5 40. hxg5+ hxg5 41.
Nd3 g4 1/2-1/2

[Event "Senioren 2018"]
[Site "Bad Woerishofen"]
[Date "2018.02.24"]
[Round "2"]
[White "Hohler, Peter"]
[Black "Koch, Dieter"]
[Result "1/2-1/2"]
[WhiteElo "2105"]
[BlackElo "1725"]
[PlyCount "80"]
[EventDate "2018.??.??"]
[BlackTeam "SC Ammersee"]

1. d4 d6 2. c4 Nd7 3. Nc3 c6 4. Nf3 e5 5. e4 h6 6. Be2 a6 7. a4 Qf6 8. O-O g5
9. Be3 Ne7 10. dxe5 dxe5 11. Nd2 Ng6 12. Nb3 Be7 13. Bg4 Nf4 14. a5 h5 15. Bf5
Nf8 16. Bxc8 Rxc8 17. Bb6 N8e6 18. Qd2 g4 19. Qe3 Rg8 20. Rad1 Ng5 21. Nd2 Qg6
22. Kh1 Nge6 23. Nb3 Bg5 24. Qe1 Qf6 25. g3 Nh3 26. Qe2 Bh6 27. Na4 Nhg5 28.
Nac5 Nd4 29. Nxd4 exd4 30. e5 Qe7 31. Ne4 Nxe4 32. Qxe4 c5 33. f4 Rc6 34. f5
Be3 35. f6 Qe6 36. Qd5 Qd7 37. Qe4 Qe6 38. Qd5 Qd7 39. Qe4 Qe6 40. Qd5 Qd7
1/2-1/2

[Event "Senioren 2018"]
[Site "Bad Woerishofen"]
[Date "2018.02.24"]
[Round "2"]
[White "Kalepky, Helmut"]
[Black "Neumann, Erwin"]
[Result "1-0"]
[WhiteElo "1974"]
[BlackElo "1789"]
[PlyCount "59"]
[EventDate "2018.??.??"]
[WhiteTeam "SF Heidesheim"]
[BlackTeam "SK Schwäbisch Hall"]

1. d4 Nf6 2. c4 e6 3. g3 c5 4. Nf3 b6 5. Bg2 Bb7 6. O-O Be7 7. Nc3 d5 8. dxc5
Bxc5 9. Ne5 O-O 10. cxd5 Nxd5 11. Nxd5 Bxd5 12. e4 Bb7 13. Qg4 Qf6 14. Nd3 e5
15. Nxc5 bxc5 16. Be3 Na6 17. Rac1 Rac8 18. Rfd1 Rc7 19. Rd2 Bc8 20. Qd1 Qe7
21. Rd6 c4 22. Bf1 Nb4 23. Bxc4 Nxa2 24. Bxa2 Rxc1 25. Bxc1 Bg4 26. Qd3 Qc7 27.
Be3 Qa5 28. Qd5 Qe1+ 29. Kg2 Be2 30. Qxf7+ 1-0

[Event "Senioren 2018"]
[Site "Bad Woerishofen"]
[Date "2018.02.24"]
[Round "2"]
[White "Kelchner, Hans"]
[Black "Knischka, Walter"]
[Result "1-0"]
[WhiteElo "2165"]
[BlackElo "1807"]
[PlyCount "37"]
[EventDate "2018.??.??"]
[WhiteTeam "SK Ludwigshafen"]
[BlackTeam "SK Obergünzburg"]

1. d4 g6 2. Bf4 Bg7 3. e3 d6 4. Nf3 c5 5. c3 cxd4 6. exd4 Nf6 7. Bc4 O-O 8. h3
b6 9. Qe2 Bb7 10. Nbd2 Nbd7 11. O-O-O a6 12. Rhe1 Re8 13. Bxf7+ Kxf7 14. Ng5+
Kg8 15. Qe6+ Kh8 16. Nf7+ Kg8 17. Nh6+ Kh8 18. Qg8+ Rxg8 19. Nf7# 1-0

[Event "Senioren 2018"]
[Site "Bad Woerishofen"]
[Date "2018.02.24"]
[Round "2"]
[White "Kierzek, Mira"]
[Black "Fitzke, Ulrich"]
[Result "1-0"]
[WhiteElo "1977"]
[BlackElo "1812"]
[PlyCount "147"]
[EventDate "2018.??.??"]
[WhiteTeam "SC Fulda"]
[BlackTeam "SV Bau-Union (Berlin)"]

1. e4 c5 2. Nf3 d6 3. d4 cxd4 4. Nxd4 Bd7 5. Nc3 Nc6 6. Be3 Nf6 7. f3 a6 8.
Nxc6 Bxc6 9. Bc4 Rc8 10. Bb3 b5 11. a3 g6 12. Qd2 Bg7 13. O-O O-O 14. Kh1 h5
15. Bh6 Qb6 16. Rad1 a5 17. Bxg7 Kxg7 18. Rfe1 Rfe8 19. Nd5 Nxd5 20. exd5 Bd7
21. c3 Bf5 22. Qf4 Qf2 23. Qd4+ Qxd4 24. Rxd4 Rc5 25. Kg1 Kf8 26. Re3 Bc8 27.
Kf2 Bb7 28. Re2 Ba8 29. Rdd2 Rb8 30. Rd4 Rb6 31. Red2 Rc8 32. Re2 Rcb8 33. Rc2
Ke8 34. Ke3 Kd8 35. Rcd2 Ke8 36. f4 Bb7 37. g3 Bc8 38. Kf2 Bf5 39. Re2 Rc8 40.
Re3 Kf8 41. Ke2 Rcb8 42. Kd2 R8b7 43. Re1 Kg7 44. Kc1 Rc7 45. Kd2 Rb8 46. Bd1
Rh8 47. Be2 Rb7 48. Bf3 Kf6 49. Kc1 Rc8 50. Kd2 Rc4 51. Rxc4 bxc4 52. Kc1 Bd3
53. Be4 Bxe4 54. Rxe4 Rc7 55. a4 Rc5 56. Rd4 Kf5 57. h3 f6 58. Kc2 g5 59. b4
axb4 60. cxb4 Rc8 61. Kc3 gxf4 62. gxf4 Rg8 63. Kxc4 Rg3 64. Rd3 Kxf4 65. Rxg3
Kxg3 66. b5 f5 67. b6 Kxh3 68. b7 f4 69. b8=Q f3 70. Kd3 Kg2 71. Ke3 h4 72.
Qg8+ Kh2 73. Kxf3 h3 74. Kf2 1-0

[Event "Senioren 2018"]
[Site "Bad Woerishofen"]
[Date "2018.02.24"]
[Round "2"]
[White "Klett, Thomas"]
[Black "Klein, Klaus"]
[Result "1-0"]
[WhiteElo "1870"]
[BlackElo "1988"]
[PlyCount "99"]
[EventDate "2018.??.??"]
[WhiteTeam "SV Urach"]
[BlackTeam "SF Heidelberg"]

1. c4 c6 2. g3 d5 3. Bg2 dxc4 4. Na3 Nd7 5. Nxc4 Nb6 6. Nxb6 Qxb6 7. Nf3 Bg4 8.
Qa4 Bxf3 9. Bxf3 e5 10. O-O Nf6 11. d3 Nd7 12. Be3 Bc5 13. Bxc5 Nxc5 14. Qc4
O-O 15. b4 Ne6 16. e3 Rfd8 17. Rab1 a6 18. a4 Rac8 19. Rfd1 Qc7 20. Bg4 Rd6 21.
h4 Rcd8 22. Rb2 g6 23. Qc3 e4 24. d4 h5 25. Be2 Qd7 26. Qc2 f5 27. Bc4 Kh7 28.
Rc1 Nc7 29. Ba2 Ne6 30. Qb3 Nc7 31. Rbc2 Nd5 32. Qa3 Nc7 33. Qb2 Nd5 34. b5
axb5 35. axb5 Ne7 36. bxc6 bxc6 37. Rc5 Qe8 38. R1c3 Rb8 39. Rb3 Rxb3 40. Qxb3
Qg8 41. Qb7 Qe8 42. Re5 Rd7 43. Qb4 Qd8 44. Qc5 Qc7 45. Re6 Qa7 46. Qc4 Qa3 47.
Rf6 Kh6 48. Qf7 Qa8 49. Be6 Rc7 50. Bxf5 1-0

[Event "Senioren 2018"]
[Site "Bad Woerishofen"]
[Date "2018.02.24"]
[Round "2"]
[White "Klimpel, Siegfried"]
[Black "Schmidt, Eugen"]
[Result "0-1"]
[WhiteElo "1825"]
[BlackElo "1985"]
[PlyCount "98"]
[EventDate "2018.??.??"]
[WhiteTeam "TSV Kareth-Lappersdorf"]
[BlackTeam "SC Iffezheim"]

1. e4 d6 2. d4 g6 3. c4 Bg7 4. Be3 Nf6 5. f3 O-O 6. Nc3 c6 7. Nge2 Nbd7 8. Qd2
e5 9. O-O-O Qa5 10. Kb1 b5 11. Nc1 a6 12. Nb3 Qc7 13. g4 exd4 14. Bxd4 Ne5 15.
Bxe5 dxe5 16. Qd6 Qb7 17. Na5 Qb6 18. Nxc6 Kh8 19. c5 Qb7 20. Na5 Qa7 21. b4
Be6 22. Qd2 Rac8 23. Be2 Nd7 24. Nb3 Nb8 25. h4 h6 26. Nd5 Nc6 27. g5 h5 28.
Nf6 Bxb3 29. axb3 Nd4 30. Qe3 Qe7 31. Nd5 Qe6 32. Rd2 Rfd8 33. Ra2 Rc6 34. Nb6
Rxb6 35. cxb6 Qxb6 36. Rd1 Qe6 37. Bf1 Bf8 38. Qc3 Rc8 39. Qd3 Bxb4 40. Rc1
Rxc1+ 41. Kxc1 Nxb3+ 42. Kb1 Nd4 43. f4 a5 44. f5 Qb6 45. Qg3 Bd6 46. fxg6 fxg6
47. Qf2 Bb4 48. Bh3 Qc6 49. Qf7 Qxe4+ 0-1

[Event "Senioren 2018"]
[Site "Bad Woerishofen"]
[Date "2018.02.24"]
[Round "2"]
[White "Koppenhoefer, Heinz"]
[Black "Felger, Karl"]
[Result "0-1"]
[WhiteElo "1589"]
[BlackElo "1775"]
[PlyCount "102"]
[EventDate "2018.??.??"]
[WhiteTeam "TSV Solln"]
[BlackTeam "Schachmatt Schorndorf"]

1. e4 c5 2. Nf3 e6 3. Bc4 a6 4. a4 d6 5. Nc3 Nc6 6. b3 Be7 7. Bb2 Nf6 8. O-O e5
9. Be2 O-O 10. d3 Bg4 11. Nb1 Bxf3 12. Bxf3 b5 13. Nd2 Qc7 14. Qe2 Nd4 15. Bxd4
cxd4 16. Ra2 Qc3 17. Rb1 Nd7 18. Nf1 b4 19. Ng3 Qc7 20. Qe1 a5 21. Nf5 Bg5 22.
h4 Bf6 23. g3 Ra6 24. Bd1 Rc6 25. Qe2 Kh8 26. Kg2 g6 27. Nh6 Bg7 28. Ng4 f5 29.
exf5 gxf5 30. Nh2 f4 31. g4 d5 32. f3 Re6 33. Qf2 Nc5 34. Nf1 e4 35. dxe4 dxe4
36. fxe4 Nxe4 37. Qf3 Nc3 38. Raa1 Qe7 39. Rc1 Qxh4 40. Qf2 Qg5 41. Bf3 Ne4 42.
Qe1 Rfe8 43. Kh3 Qd5 44. Bxe4 Rxe4 45. Qf2 Re2 46. Qg1 R8e6 47. g5 Qf3+ 48. Kh4
Rg2 49. Qxg2 Qxg2 50. Rab1 h5 51. Kxh5 Qh3# 0-1

[Event "Senioren 2018"]
[Site "Bad Woerishofen"]
[Date "2018.02.24"]
[Round "2"]
[White "Lange, Manfred"]
[Black "Richter, Stefan"]
[Result "1-0"]
[WhiteElo "2061"]
[BlackElo "1698"]
[PlyCount "53"]
[EventDate "2018.??.??"]
[WhiteTeam "SV Würzburg"]
[BlackTeam "SZ Langenberg"]

1. Nf3 Nf6 2. d4 d6 3. c4 g6 4. Nc3 Bg7 5. g3 c6 6. Bg2 Nbd7 7. O-O e6 8. Bf4
Bf8 9. e4 Be7 10. e5 dxe5 11. dxe5 Nh5 12. Bh6 Bf8 13. Bxf8 Nxf8 14. Qe2 Nd7
15. Ne4 O-O 16. Rad1 Qe7 17. Nd6 b6 18. Qd2 f6 19. Nxc8 Raxc8 20. Qxd7 Qxd7 21.
Rxd7 Rf7 22. Rfd1 Rcf8 23. Rxf7 Rxf7 24. Rd6 Ng7 25. Rxc6 h6 26. exf6 Rxf6 27.
Nd4 1-0

[Event "Senioren 2018"]
[Site "Bad Woerishofen"]
[Date "2018.02.24"]
[Round "2"]
[White "Loew, Peter"]
[Black "Leutz, Hans"]
[Result "1/2-1/2"]
[WhiteElo "2117"]
[BlackElo "1957"]
[PlyCount "42"]
[EventDate "2018.??.??"]
[WhiteTeam "SC Waldkraiburg"]
[BlackTeam "SV Ebersbach"]

1. e4 c6 2. d4 d5 3. Nc3 dxe4 4. Nxe4 Nd7 5. Qe2 e6 6. Nf3 Ngf6 7. Bd2 Qb6 8.
O-O-O Nxe4 9. Qxe4 Nf6 10. Qe1 Qc7 11. Kb1 Bd7 12. g3 c5 13. Bf4 Qc6 14. Bg2
cxd4 15. Rg1 Qb6 16. Nxd4 Be7 17. Qe2 O-O 18. Be5 Rfd8 19. Nb3 Bb5 20. c4 Bc6
21. Bxc6 Qxc6 1/2-1/2

[Event "Senioren 2018"]
[Site "Bad Woerishofen"]
[Date "2018.02.24"]
[Round "2"]
[White "Luebbers, Doris"]
[Black "Kumeth, Hartmut"]
[Result "1/2-1/2"]
[WhiteElo "1541"]
[BlackElo "1730"]
[PlyCount "44"]
[EventDate "2018.??.??"]
[WhiteTeam "SF Taunus"]
[BlackTeam "SK Oldenburg"]

1. d4 Nf6 2. Nf3 d5 3. e3 e6 4. Bd3 Be7 5. b3 Bd7 6. O-O Nc6 7. Bb2 Nb4 8. Be2
a5 9. a3 Na6 10. c4 c6 11. Nbd2 b6 12. Rc1 Bd6 13. cxd5 Nxd5 14. Nc4 Qb8 15.
Nce5 c5 16. Nxd7 Kxd7 17. Ne5+ Bxe5 18. dxe5 Ke7 19. Bf3 Nac7 20. g3 Rd8 21.
Qe2 Kf8 22. e4 Ne7 1/2-1/2

[Event "Senioren 2018"]
[Site "Bad Woerishofen"]
[Date "2018.02.24"]
[Round "2"]
[White "Macher, Claus"]
[Black "Braeu, Ludwig"]
[Result "1/2-1/2"]
[WhiteElo "1958"]
[BlackElo "1835"]
[PlyCount "47"]
[EventDate "2018.??.??"]
[WhiteTeam "SF Ammerbuch"]
[BlackTeam "SK Marktoberdorf"]

1. d4 Nf6 2. c4 c5 3. d5 b5 4. cxb5 a6 5. bxa6 Bxa6 6. Nc3 g6 7. g3 d6 8. Bg2
Bg7 9. Nh3 O-O 10. O-O Nbd7 11. Re1 Qa5 12. f4 Rfb8 13. Nf2 Nb6 14. e4 Nfd7 15.
Qc2 Nc4 16. Nfd1 Bb7 17. b3 Na3 18. Qd2 c4 19. Bb2 cxb3 20. axb3 Qb6+ 21. Kh1
Qxb3 22. Bxa3 Rxa3 23. Rb1 Qc4 24. Nb5 1/2-1/2

[Event "Senioren 2018"]
[Site "Bad Woerishofen"]
[Date "2018.02.24"]
[Round "2"]
[White "Mueller, Rudolf"]
[Black "Braun, Erhard"]
[Result "1/2-1/2"]
[WhiteElo "2071"]
[BlackElo "1932"]
[PlyCount "73"]
[EventDate "2018.??.??"]
[WhiteTeam "Karlsruher SF"]
[BlackTeam "SC Heusweiler"]

1. e4 c5 2. Nf3 Nc6 3. d4 cxd4 4. Nxd4 Nf6 5. Nc3 g6 6. Nxc6 bxc6 7. e5 Ng8 8.
Bc4 Bg7 9. Qf3 e6 10. Bf4 Ne7 11. O-O-O d5 12. exd6 Nd5 13. Ne4 O-O 14. h4 a5
15. Bg5 f6 16. Be3 f5 17. Ng5 Rb8 18. c3 Qxd6 19. Bd4 e5 20. Ba7 e4 21. Bxb8
Qxb8 22. Qe2 h6 23. Nh3 Bb7 24. g3 Kh7 25. Bxd5 cxd5 26. Nf4 Qd6 27. Qb5 Bc6
28. Rxd5 Bxd5 29. Qxd5 Qb6 30. Qe6 Qxf2 31. Qxg6+ Kh8 32. Rd1 Rb8 33. Rd2 Qe1+
34. Kc2 Rxb2+ 35. Kxb2 Qxd2+ 36. Kb1 Qxc3 37. Qe8+ 1/2-1/2

[Event "Senioren 2018"]
[Site "Bad Woerishofen"]
[Date "2018.02.24"]
[Round "2"]
[White "Narr, Irmgard"]
[Black "Schinnerl, Werner"]
[Result "1-0"]
[WhiteElo "1679"]
[BlackElo "1866"]
[PlyCount "95"]
[EventDate "2018.??.??"]
[WhiteTeam "SC Mühlhof-Reichelsdorf"]

1. e4 c5 2. Bc4 d6 3. Nf3 Nc6 4. Ng5 e6 5. d3 Be7 6. Nf3 Nf6 7. Be3 a6 8. a3 b5
9. Ba2 Qa5+ 10. Bd2 Qb6 11. Be3 a5 12. O-O O-O 13. Nbd2 Bb7 14. Re1 Ng4 15. Nf1
Bf6 16. c3 Nxe3 17. Nxe3 g6 18. Ng4 Bg7 19. Qd2 Rae8 20. Nh6+ Kh8 21. Ng4 Qd8
22. h3 d5 23. exd5 exd5 24. Rxe8 Rxe8 25. Re1 Rxe1+ 26. Qxe1 b4 27. Bxd5 h5 28.
Bxc6 Bxc6 29. Nge5 Bd5 30. axb4 cxb4 31. cxb4 a4 32. d4 Kh7 33. Qc3 f6 34. Nc6
Qb6 35. Ne7 Bxf3 36. gxf3 f5 37. Nc6 Bf8 38. Qc4 Bd6 39. b5 a3 40. bxa3 Bxa3
41. Qf7+ Kh6 42. Qd5 Qc7 43. Qe5 Qf7 44. f4 Kh7 45. d5 Qd7 46. Qe6 Qc7 47. Ne5
Qg7 48. d6 1-0

[Event "Senioren 2018"]
[Site "Bad Woerishofen"]
[Date "2018.02.24"]
[Round "2"]
[White "Oser, Thor"]
[Black "Niedermaier, Peter"]
[Result "0-1"]
[WhiteElo "1650"]
[BlackElo "1817"]
[PlyCount "100"]
[EventDate "2018.??.??"]
[WhiteTeam "SK Jöhlingen"]
[BlackTeam "SU Ebersberg-Grafing"]

1. d4 Nf6 2. e3 g6 3. Bd3 d5 4. Nd2 Bg7 5. h3 O-O 6. Ngf3 c5 7. c3 cxd4 8. cxd4
Nc6 9. a3 Re8 10. O-O a6 11. Rb1 Bd7 12. b4 e5 13. dxe5 Nxe5 14. Nxe5 Rxe5 15.
Bb2 Re8 16. Be2 Rc8 17. Nf3 Bf5 18. Rc1 Rxc1 19. Qxc1 Qb8 20. Qa1 Qd6 21. Nh2
Rd8 22. Rd1 Ne8 23. Bxg7 Nxg7 24. Bf3 Be6 25. Rd2 b5 26. Qd1 Ne8 27. Qa1 Qe7
28. Ng4 h5 29. Nh2 Qg5 30. Kh1 Nd6 31. Qd1 Nc4 32. Rd4 Nxa3 33. Be2 Rc8 34. Nf3
Qe7 35. Bd3 Nc4 36. Qa1 Rc6 37. e4 dxe4 38. Bxe4 Rd6 39. Rxd6 Qxd6 40. Bb7 Qxb4
41. Qxa6 Nd6 42. Qa8+ Kg7 43. Bd5 Qb1+ 44. Kh2 Qf5 45. Bxe6 Qxe6 46. h4 Ne4 47.
Qa1+ Qf6 48. Qxf6+ Kxf6 49. Nd4 b4 50. f3 Nd2 0-1

[Event "Senioren 2018"]
[Site "Bad Woerishofen"]
[Date "2018.02.24"]
[Round "2"]
[White "Plischke, Berthold"]
[Black "Okrajek, Alexander"]
[Result "0-1"]
[WhiteElo "1961"]
[BlackElo "2207"]
[PlyCount "38"]
[EventDate "2018.??.??"]
[WhiteTeam "SV Wesel"]
[BlackTeam "SC Siegburg"]

1. e4 c5 2. Nf3 d6 3. d4 cxd4 4. Nxd4 Nf6 5. Nc3 a6 6. Bc4 e6 7. O-O Be7 8. Kh1
O-O 9. f4 b5 10. Bb3 b4 11. Nce2 Nxe4 12. f5 d5 13. Nf4 Bc5 14. fxe6 fxe6 15.
Be3 Bxd4 16. Bxd4 Qh4 17. Qe1 Rxf4 18. Qxh4 Rxh4 19. Rf3 Ng3+ 0-1

[Event "Senioren 2018"]
[Site "Bad Woerishofen"]
[Date "2018.02.24"]
[Round "2"]
[White "Rahn, Oskar"]
[Black "Meul, Willi"]
[Result "1-0"]
[WhiteElo "2048"]
[BlackElo "1930"]
[PlyCount "37"]
[EventDate "2018.??.??"]
[WhiteTeam "SK Frankenthal"]
[BlackTeam "SV Hürth-Berrenrath"]

1. e4 c5 2. Nf3 d6 3. d4 cxd4 4. Nxd4 Nf6 5. Nc3 a6 6. Bc4 e6 7. O-O Qc7 8. Qe2
Nc6 9. Be3 Be7 10. f4 Nxd4 11. Bxd4 O-O 12. Rad1 b5 13. Bd3 e5 14. fxe5 dxe5
15. Rxf6 Bxf6 16. Nd5 Qc6 17. Rf1 exd4 18. Rxf6 gxf6 19. Ne7+ 1-0

[Event "Senioren 2018"]
[Site "Bad Woerishofen"]
[Date "2018.02.24"]
[Round "2"]
[White "Reichwald, Klaus"]
[Black "Buss, Richard"]
[Result "1-0"]
[WhiteElo "1813"]
[BlackElo "1595"]
[PlyCount "89"]
[EventDate "2018.??.??"]
[WhiteTeam "SC Lohhof"]
[BlackTeam "VfR Heisfelde"]

1. e4 e5 2. Nf3 Nc6 3. d4 exd4 4. Nxd4 Nxd4 5. Qxd4 d6 6. Nc3 Be6 7. Be2 Nf6 8.
O-O Be7 9. f4 O-O 10. f5 c5 11. Qf2 Bd7 12. Be3 Qc7 13. Rad1 Bc6 14. Bf3 Rad8
15. Rd2 Rd7 16. Rfd1 Rfd8 17. Bf4 a6 18. Qg3 Ne8 19. Kh1 Bf6 20. Bg5 Be5 21.
Bxd8 Qxd8 22. Qe1 Qg5 23. g3 Qh6 24. Rg2 b5 25. Qd2 Qf6 26. Nd5 Bxd5 27. Qxd5
Qd8 28. c3 Qc8 29. g4 Nf6 30. Qd2 h6 31. g5 hxg5 32. Qxg5 Nh7 33. Qg4 f6 34. h4
Qe8 35. Qg6 Qe7 36. Bh5 Rd8 37. Qg4 Nf8 38. Bg6 Rd7 39. h5 Nh7 40. Bxh7+ Kxh7
41. Qg6+ Kh8 42. h6 Bf4 43. hxg7+ Kg8 44. Qh5 Qxe4 45. Qh8+ 1-0

[Event "Senioren 2018"]
[Site "Bad Woerishofen"]
[Date "2018.02.24"]
[Round "2"]
[White "Rothenhagen, Siegfried"]
[Black "Gerl, Hans"]
[Result "0-1"]
[WhiteElo "1775"]
[BlackElo "2012"]
[PlyCount "66"]
[EventDate "2018.??.??"]
[WhiteTeam "Sportfr.Windach"]
[BlackTeam "SK Zirndorf"]

1. d4 Nf6 2. Bf4 d6 3. e3 g6 4. h3 Bg7 5. Nf3 O-O 6. Be2 b6 7. O-O Bb7 8. c4
Nbd7 9. Nc3 Re8 10. Re1 Ne4 11. Rc1 Nxc3 12. bxc3 e5 13. Bh2 f5 14. Qb3 Kh8 15.
a4 a5 16. dxe5 Nc5 17. Qa3 dxe5 18. Red1 Qe7 19. Rd2 Bc6 20. Bd1 Rad8 21. Rxd8
Qxd8 22. Qa2 Qd7 23. Ra1 Ne4 24. Qc2 Nc5 25. Ra2 h6 26. Kf1 Kh7 27. Kg1 Be4 28.
Qd2 Qe7 29. Ne1 Rd8 30. Qe2 Qd7 31. Ra1 Bc6 32. Nc2 Bxa4 33. Rxa4 Qxd1+ 0-1

[Event "Senioren 2018"]
[Site "Bad Woerishofen"]
[Date "2018.02.24"]
[Round "2"]
[White "Schnell, Franz"]
[Black "Braeu, Wolfgang"]
[Result "0-1"]
[WhiteElo "1733"]
[BlackElo "1878"]
[PlyCount "76"]
[EventDate "2018.??.??"]
[WhiteTeam "SV Trossingen"]
[BlackTeam "SF Buchenberg"]

1. d4 g6 2. e4 Bg7 3. Nf3 c5 4. c3 Qa5 5. Bd2 d6 6. h3 Qb6 7. Qc2 cxd4 8. cxd4
Nc6 9. Bc3 e5 10. dxe5 dxe5 11. Na3 Nge7 12. Nc4 Qc7 13. Rd1 O-O 14. Be2 h6 15.
O-O Be6 16. Ne3 Rac8 17. Qa4 Rfd8 18. Qa3 Nd4 19. Rde1 Nxe2+ 20. Rxe2 Nc6 21.
Rc2 b6 22. Rfc1 Qb7 23. Nd2 b5 24. b4 Nd4 25. Bxd4 Rxc2 26. Rxc2 exd4 27. Nef1
a6 28. Qa5 Rc8 29. Rc5 Bf8 30. Rxc8 Qxc8 31. Nb3 Bxb3 32. axb3 Qe6 33. Nd2 Qd6
34. Kf1 d3 35. Ke1 Qd4 36. Qxa6 Bxb4 37. Qxb5 Qxe4+ 38. Kd1 Qe2+ 0-1

[Event "Senioren 2018"]
[Site "Bad Woerishofen"]
[Date "2018.02.24"]
[Round "2"]
[White "Schuessler, Thomas G"]
[Black "Grandl, Klaus"]
[Result "1-0"]
[WhiteElo "1811"]
[BlackElo "1588"]
[PlyCount "73"]
[EventDate "2018.??.??"]
[WhiteTeam "SC Wiesloch / SF Baiertal"]
[BlackTeam "Sportfr.Windach"]

1. c4 e5 2. g3 d6 3. Bg2 Nf6 4. Nc3 Nc6 5. Nf3 h6 6. O-O Be7 7. d3 O-O 8. a3
Rb8 9. b4 Qe8 10. Bb2 Nh7 11. d4 f6 12. d5 Nd8 13. e4 Bd7 14. Bc1 a6 15. Nh4 f5
16. Nxf5 Bxf5 17. exf5 Nf6 18. g4 Nf7 19. f4 Nd7 20. Ne4 b6 21. h3 exf4 22.
Bxf4 Nde5 23. Rc1 Qd8 24. Be3 Bg5 25. Nxg5 Nxg5 26. Qd2 Qf6 27. c5 b5 28. Bxg5
hxg5 29. Qc3 Rbc8 30. Rfe1 Qf7 31. Qe3 Rfe8 32. Qxg5 Nd3 33. Rxe8+ Rxe8 34. Rd1
Re1+ 35. Rxe1 Nxe1 36. Qd8+ Kh7 37. Qh4+ 1-0

[Event "Senioren 2018"]
[Site "Bad Woerishofen"]
[Date "2018.02.24"]
[Round "2"]
[White "Singeisen, Hermann"]
[Black "Baum, Bernd"]
[Result "0-1"]
[WhiteElo "1972"]
[BlackElo "2288"]
[PlyCount "76"]
[EventDate "2018.??.??"]
[BlackTeam "SC Fulda"]

1. e4 c5 2. Nf3 Nc6 3. Nc3 g6 4. Bb5 Bg7 5. O-O e5 6. d3 Nge7 7. Bg5 h6 8. Bxe7
Nxe7 9. Bc4 O-O 10. Nd5 d6 11. c3 Nc6 12. a4 Kh7 13. Nd2 f5 14. b4 cxb4 15.
Nxb4 Bd7 16. Bd5 Rb8 17. Nc4 Qf6 18. a5 Nxb4 19. cxb4 Bc6 20. Rc1 Bxd5 21. exd5
Qf7 22. Qf3 Qd7 23. Ne3 Rbc8 24. Rc4 Rxc4 25. Nxc4 Qb5 26. Nxd6 Qxb4 27. Nc4
Rd8 28. Rc1 b5 29. axb6 axb6 30. d6 b5 31. Qb7 Qc5 32. Qc7 Rc8 33. Qxc5 Rxc5
34. d7 Bf6 35. Rc2 bxc4 36. dxc4 Rc7 37. c5 Rxd7 38. g3 Kg7 0-1

[Event "Senioren 2018"]
[Site "Bad Woerishofen"]
[Date "2018.02.24"]
[Round "2"]
[White "Speicher, Franz"]
[Black "Giacchino, Claudio"]
[Result "1-0"]
[WhiteElo "1868"]
[BlackElo "1650"]
[PlyCount "95"]
[EventDate "2018.??.??"]
[WhiteTeam "SV Dicker Turm Esslingen"]

1. d4 d5 2. Nf3 Nf6 3. Bf4 e6 4. e3 Bd6 5. Bg3 O-O 6. Nbd2 b6 7. c3 Nbd7 8. Bd3
Re8 9. Ne5 Bb7 10. f4 c5 11. Bh4 c4 12. Bc2 Be7 13. O-O Rf8 14. Ndf3 b5 15. Ng5
h6 16. Nh3 h5 17. Nxd7 Nxd7 18. Qxh5 f5 19. Bxe7 Qxe7 20. Ng5 Nf6 21. Qh4 Qe8
22. Rf3 g6 23. Rh3 Nh5 24. Bd1 Rf6 25. Bxh5 gxh5 26. Qxh5 Qxh5 27. Rxh5 Bc6 28.
Rh7 Be8 29. Re7 Kf8 30. Rxe6 Rxe6 31. Nxe6+ Kf7 32. Nc7 Rd8 33. Nxe8 Rxe8 34.
Kf2 a5 35. a4 Rb8 36. axb5 Rxb5 37. Ra2 Ke6 38. h3 a4 39. g4 fxg4 40. hxg4 Rb3
41. Kg3 a3 42. Rxa3 Rxb2 43. f5+ Ke7 44. g5 Rb3 45. Ra7+ Kd6 46. f6 Rxc3 47. f7
Rxe3+ 48. Kf2 1-0

[Event "Senioren 2018"]
[Site "Bad Woerishofen"]
[Date "2018.02.24"]
[Round "2"]
[White "Spurga, Josef"]
[Black "Kozlov, Alexander"]
[Result "0-1"]
[WhiteElo "1942"]
[BlackElo "2175"]
[PlyCount "104"]
[EventDate "2018.??.??"]
[WhiteTeam "VfL Sindelfingen"]
[BlackTeam "Stuttgarter SF"]

1. e4 d6 2. d4 Nf6 3. Nc3 c6 4. Nf3 g6 5. Be2 Bg7 6. h3 O-O 7. Be3 Nbd7 8. Qd2
e5 9. O-O Re8 10. dxe5 dxe5 11. Rad1 Qc7 12. Bh6 Nc5 13. Bxg7 Kxg7 14. Qe3 Ne6
15. a4 a5 16. Bc4 b6 17. Rd2 Ba6 18. Bxa6 Rxa6 19. Rfd1 Nc5 20. Rd6 h6 21. Nh4
Re6 22. Rxe6 Nxe6 23. Qg3 Ng5 24. Qd3 Ra8 25. Qc4 Rc8 26. Qd3 Ne6 27. Qd6 Nd4
28. Qxc7 Rxc7 29. f4 Nxc2 30. fxe5 Nd7 31. Nf3 Ne3 32. Rd4 c5 33. Rd3 Nc4 34.
e6 fxe6 35. b3 Nce5 36. Rd6 Rc6 37. Nb5 Rxd6 38. Nxd6 Kf6 39. Kf1 Nxf3 40. gxf3
Ke5 41. Nb5 Kf4 42. Kf2 Ne5 43. Nc3 Nd3+ 44. Ke2 Nc1+ 45. Kf2 Nxb3 46. Ne2+ Ke5
47. Ke3 g5 48. Nc3 Nd4 49. Nd1 b5 50. Nb2 bxa4 51. Nxa4 Kd6 52. Nc3 e5 0-1